000 01046nam a22003257a 4500
003 CHAP
005 20220329134841.0
008 971013s1951 r 00010 d
010 _a26929
011 _a27901
035 _a32002
040 _cCHAP
082 _a581.9791
_bK4
100 0 0 _aKearney, Thomas H.
_962865
245 _aArizona flora
260 _aBerkeley :
_bUniversity of California,
_c1951
300 _a1032 p.
_b: ilus.
590 _aBATCH-UPD
_b10
_c20130110
_lUCH01
_h0020
590 _aBATCH-UPD
_b10
_c20130110
_lUCH01
_h1940
590 _aBATCH-UPD
_b10
_c20130410
_lUCH01
_h1303
590 _aBATCH-UPD
_b10
_c20130914
_lUCH01
_h0730
590 _aCONVERSION
_b10
_c20130109
_lUCH01
_h1315
650 1 4 _aBotánica
_xArizona.
_914492
650 1 4 _aFlora desértica.
_941326
700 0 _aPeebles, Robert H.
_986576
901 _aBK
942 _cLIBRO
949 _a581.9791 K4
_bBC
_cLIBRO
_d33724000356275
_eLIBRO
_fc.2
_h41016
_i32002
_si
_t429.00
949 _a581.9791 K4
_bBC
_cLIBRO
_d33724000356283
_eLIBRO
_h2359
_i32002
_si
_t429.00
999 _c26929
_d26929